000 00456nam a22001457a 4500
003 macl
005 20180415152030.0
008 180415b xxu||||| |||| 00| 0 eng d
040 _cmacl
100 _aअसगर बजाहत
_972044
245 _aबाकर गंज के सैयद
260 _aनई दिल्‍ली
_bराजपाल
_c2015
650 _aऐतिहासिक कहानियां
_972045
942 _2ddc
_cHIN
999 _c57735
_d57735